| 000 | 00655cam a2200205 a 4500 | ||
|---|---|---|---|
| 001 | 000005107 | ||
| 005 | 20200929151600.0 | ||
| 008 | 971030s1997 ec 001 p spa d | ||
| 020 | _a9978871683 | ||
| 035 | _a(DLC) 97210414 | ||
| 040 |
_aDO-SdBNP _bspa _cBNPHU |
||
| 082 |
_aE861.44 _bG662c |
||
| 100 | 1 |
_aGordon-Vailakis, Ivón _914641 |
|
| 245 | 1 | 0 |
_aColibríes en el exilio / _cIvón Gordon Vailakis ; ilustración Mirta González. |
| 260 |
_aQuito, Ecuador : _bEl Conejo, _c1997. |
||
| 300 |
_a73 p. ; _c20 cm. |
||
| 650 | 4 |
_aPoesía ecuatoriana _913387 |
|
| 650 | 4 |
_aLiteratura ecuatoriana _ySIGLO XX _914420 |
|
| 700 | 1 |
_aGonzález, Mirta, _eil. _914642 |
|
| 999 |
_c4910 _d4910 |
||